000
00335nam a22001577a 4500
003
SGT
020
_a
978-81-239-1692-7
082
_a
615.190, P14K
100
_a
KAR, ASHUTOSH
245
_a
PHARMACEUTICAL ANALYSIS
250
_a
1ST
260
_a
DELHI
_b
CBS
_c
2014
300
_a
597
650
_a
PHARMACEUTICAL
942
_2
ddc
_c
BK
_0
3
999
_c
8156
_d
8156